Dispersió potencial dels contaminants atmosfèrics a Barcelona : estudi d'alguns paràmetres fonamentals a partir de les dades meteorològiques de l'observatori del Putget / Vicenç Sureda estudi d'alguns paràmetres fonamentals a partir de les dades meteorològiques de l'observatori del Putget / Vicenç Sureda
MARC
| LEADER | 00000nam a2200000Ia 4500 | ||
|---|---|---|---|
| 001 | 1949 | ||
| 008 | 160829s1982 xx 000 0 cat d | ||
| 020 | |a 84-500-8138-6 | ||
| 080 | |a C-1-69 | ||
| 100 | 1 | |a Sureda, Vicenç, |d 1949-2022 |9 55316 | |
| 245 | |a Dispersió potencial dels contaminants atmosfèrics a Barcelona : |b estudi d'alguns paràmetres fonamentals a partir de les dades meteorològiques de l'observatori del Putget / Vicenç Sureda | ||
| 260 | |a Barcelona : |b Diputació de Barcelona. Servei del Medi Ambient, |c 1982 | ||
| 300 | |a 177 p. : |b il. ; |c 30 cm | ||
| 490 | |a Estudis i monografies ; 8 | ||
| 590 | |a Bibliografia | ||
| 650 | 0 | |a Aire |x Contaminació |z Barcelona (Catalunya) |9 26819 | |
| 710 | 1 | |a Barcelona (Catalunya : Província). |b Servei de Medi Ambient |9 53475 | |
| 901 | |a Arxiu | ||
| 942 | |n 1 | ||
| 952 | |0 0 |1 0 |4 0 |6 C169 |7 1 |9 44159 |a Arxiu |b Arxiu |d 2016-12-01 |l 0 |o C-1-69 |p 1949 |r 2016-12-01 00:00:00 |w 2016-12-01 |y ARXIU | ||
| 999 | |c 46739 |d 46739 | ||